Statistics for Random Knowledge Quiz #53

Click here to take the quiz!

General Stats

  • This quiz has been taken 81 times
  • The average score is 8 of 15

Answer Stats

QuestionAnswer% Correct
What word is used in Hawaii as both a greeting and a farewell?Aloha
94%
For which world changing invention did Alexander Graham Bell receive a patent in 1876?Telephone
90%
Other than dogs, what farm animal is thought to be probably the first to be domesticated?Goats
89%
How many carats is pure gold?24
86%
Originally, what did Amazon only sell?Books
81%
Which country has the most freshwater lakes?Canada
74%
What is your zodiac sign if you're born July 23-August 22?Leo
69%
"Ladies and gentlemen, rock and roll,” were the first words spoken on what TV channel that launched in 1981?MTV
64%
In which European country did the monarch announce their abdication in January 2024, being the first in nearly 900 years in their country to do so?Denmark
50%
Name the largest landlocked country in Europe?Belarus
42%
Who sang the US national anthem at Obama's second inauguration in 2013?Beyonce
24%
Fill in these lyrics: ________ calling to the faraway towns / Now war is declared and battle come down / ________ calling to the underworld / Come out of the cupboard, you boys and girlsLondon
19%
What's the name of the dog that led the mush team that brought diphtheria serum to the town of Nome, Alaska in 1925?Balto
14%
What is the first Disney animated feature film to be a original story, rather than be based on pre-existing works or characters, and does not include any of Disney's stock characters such as Mickey or Donald?The Lion King
10%
What name was Pocahontas given in England after she was baptized?Rebecca
4%

Score Distribution

Percentile by Number Answered

Percent of People with Each Score

Your Score History

You have not taken this quiz